000 01594nam0a2200325 4500
001 RU\NLR\bibl\1267968
005 20260407085943.0
010 _a978-5-98576-018-7
_950000
021 _aRU
_b2008-52018
_92880
035 _a(NLR Aleph) 001253876
090 _a336288
_c336288
100 _a20080901d2008 |||y0rusy50 ca
101 0 _arus
102 _aRU
105 _ay |||||||||
200 1 _aСборник нормативных правовых актов по представлению мер социальной поддержки и субсидий по оплате жилья и коммунальных услуг
_fСовет администрации Краснояр. края, Агентство соц. защиты населения Администрации Краснояр. края
210 _aКрасноярск
_cКАСС
_d2008
215 _a51, [1] c.
_d21
225 1 _aЗаконы. Права. Действия
225 1 _aБиблиотечка жителя Красноярского края
606 1 _aКоммунальные услуги
_jЗаконодательные материалы
_xОплата
_yРоссийская Федерация
_92090751
_3RU\NLR\auth\661265468
686 _aХ623.211.330.31-39(2Р)21
686 _aХ623.211.648-39(2Р)21
686 _aУ44(2)121.8я8
712 0 1 _4570
_aКрасноярский край
_bАдминистрация
_bСовет
_3RU\NLR\AUTH\8810047321
_9594509
801 0 _aRU
_bNLR
_c20080901
_gRCR
801 1 _aRU
_bNLR
_c20080901
942 _cBOOK
980 _aNB